00589nam a2200145Ia 4500008004100000024005600041082001800097100007200115245003900187260002500226600003400251650003300285952010800318999001700426250506s9999 xx 000 0 und d a05B-059-TE, 05B-021-TE, 05B-032-TE & 05B-039-TE a621.38072 KHA aUmair Ather Ali Khan, Faraz Ahmed, Syed Tanveer Ahmed & Qaiser Khan 0aRFID Based Location Identification aKarachi:bUIT,c2005 aTelecommunication Engineering aBachelor of Engineering (BE) 001040708PR-TEaUITUbUITUd2022-07-26l0o621.38072 KHApTE-39r2025-05-06 11:34:20w2025-05-06yPR c28268d28268